LIBRARY & INFORMATION CENTRE, KCAET, TAVANUR

ONLINE PUBLIC ACCESS CATALOGUE (OPAC)

Good English / (Record no. 12448)

MARC details
000 -LEADER
fixed length control field 00445cam a2200181ua 4500
041 ## - LANGUAGE CODE
Language code of text/sound track or separate title eng
082 ## - DEWEY DECIMAL CLASSIFICATION NUMBER
Classification number 425
Item number NOR/GO
100 ## - MAIN ENTRY--AUTHOR NAME
Personal name Norris, B .
245 ## - TITLE STATEMENT
Title Good English /
250 ## - EDITION STATEMENT
Edition statement 58 /
260 ## - PUBLICATION, DISTRIBUTION, ETC. (IMPRINT)
Place of publication Mumbai :
Name of publisher D B Taraporevala sons & Co. Pvt. Ltd. ,
Year of publication 1963.
300 ## - PHYSICAL DESCRIPTION
Number of Pages 153 ; .
700 1# - ADDED ENTRY--PERSONAL NAME
Personal name Mehta, Rustam J .
942 ## - ADDED ENTRY ELEMENTS (KOHA)
Koha item type Books
Holdings
Withdrawn status Lost status Damaged status Home library Current library Date acquired Full call number Accession Number Koha item type Public note
Withdrawn     KAUAET KAUAET 07/04/2012 425 9889 Books Deleted
Withdrawn     KAUAET Sanskrit University 07/04/2012 425 11007 Books  
free website counter